| 000 | 00737nam a22002297a 4500 | ||
|---|---|---|---|
| 001 | 7805 | ||
| 003 | FISKH | ||
| 005 | 20250812122748.0 | ||
| 008 | 250808b cb ||||| |||| 00| 0 eng d | ||
| 040 |
_aFISKH _beng _cFISKH _dFISKH |
||
| 050 | _aPZ7.G759 W | ||
| 082 | _a823.8 | ||
| 100 | _aGrahame, Kenneth | ||
| 245 |
_aThe wind in the willows / _cby Kenneth Grahame |
||
| 260 |
_aPhnom Penh : _bFootprints International School , _c2025. |
||
| 300 |
_a302 pages : _billustrations ; _c21 cm . |
||
| 520 | _aThe escapades of four animal friends who live along a river in the English countryside--Toad, Mole, Rat, and Badger. | ||
| 650 |
_aMoles _vFiction |
||
| 650 |
_aAnimals _vFiction |
||
| 942 |
_2ddc _cBK _n0 |
||
| 999 |
_c7805 _d7805 |
||